| 000 | 00697nam a2200289Ia 4500 | ||
|---|---|---|---|
| 005 | 20260324150111.0 | ||
| 008 | 008 260324s9999 xx 000 0 eng d | ||
| 020 | _a9781003640806 | ||
| 037 | _aEBOOK | ||
| 040 | _aCRL | ||
| 040 | _beng | ||
| 040 | _cCRL | ||
| 041 | _2eng | ||
| 041 | _aeng | ||
| 084 | _qCRL | ||
| 100 |
_aJohn Woodward _91225260 |
||
| 245 | 0 | _aTo Do The Sick No Harm | |
| 245 | 2 | _bA Study of the British Voluntary Hospital System to 1875 | |
| 260 | _bTaylor and Francis | ||
| 260 | _c1974 | ||
| 365 | _a | ||
| 365 | _b110 | ||
| 856 | _uhttp://www.taylorfrancis.com/books/9781003640806 | ||
| 942 | _cEBOOK | ||
| 999 |
_c1834145 _d1834145 |
||